| 000 | 00581nam a2200205Ia 4500 | ||
|---|---|---|---|
| 001 | 8032 | ||
| 003 | GE_BSU | ||
| 008 | 181216s||||||||xx |||||||||||||| ||und|| | ||
| 040 | _cGE_BSU | ||
| 245 | _aДипломатическая служба. №5 2013. | ||
| 245 | _cГл. ред. Николенко В. Д. | ||
| 260 | _aМосква | ||
| 260 | _bПанорама | ||
| 260 | _c2013. | ||
| 300 | _a72ст;29см. | ||
| 653 | _aДипломатическая служба. №5 2013. | ||
| 653 | _aПериодика | ||
| 653 | _aპერიოდიკა | ||
| 942 | _cCR | ||
| 999 |
_c41372 _d41372 |
||